000 00277nam a2200121Ia 4500
008 190216s9999||||xx |||||||||||||| ||und||
100 _aDewett K K
245 0 _aEconomics Of Development And Planning
260 _bLongmans
300 _a716p
650 _aCommerce
942 _cBK
999 _c4101
_d4101